Štatistické prognózy vývoja nezamestnanosti na Slovensku. 1

Aplikácia Box-Jenkinsovej metódy analýzy a prognózovania časových radov vývoja nezamestnanosti na Slovensku. Stručná charakteristika metódy. Vyjadrenie pomocou autoregresného modelu.

Saved in:
Bibliographic Details
Main Author: Rublíková, Eva
Other Authors: Pacáková, Viera
Format: Book Chapter
Language:Slovak
Subjects:
Tags: Add Tag
No Tags, Be the first to tag this record!

MARC

LEADER 00000naa a2200000 4500
001 r025563
005 20230424121244.3
041 0 |a slo 
044 |a SK 
245 1 0 |a Štatistické prognózy vývoja nezamestnanosti na Slovensku. 1  |c Eva Rublíková, Viera Pacáková 
520 |a Aplikácia Box-Jenkinsovej metódy analýzy a prognózovania časových radov vývoja nezamestnanosti na Slovensku. Stručná charakteristika metódy. Vyjadrenie pomocou autoregresného modelu. 
610 2 0 |a nezamestnanosť 
610 2 0 |a rady časové 
610 2 0 |a analýza štatistická 
610 2 0 |a Slovensko 
100 1 |a Rublíková, Eva 
700 1 |a Pacáková, Viera